Countries with most football clubs - Statistics

General Stats
  • This quiz has been taken 75 times
  • The average score is 15 of 20
Answer Stats
% Correct
3 United Kingdom 42.480
100%
9 Brazil 13.620
99%
6 France 22.200
97%
11 Spain 10.560
97%
5 United States 22.650
97%
2 Russia 44.680
96%
4 Germany 27.000
94%
7 Italy 21.500
94%
15 Argentina 3.650
93%
12 Mexico 9.520
84%
10 Japan 13.300
80%
19 Netherlands 2.650
80%
13 Türkiye 8.650
74%
20 Ukraine 2.560
67%
16 Sweden 3.600
64%
1 South Africa 51.350
63%
18 Austria 2.650
60%
17 Nigeria 3.200
57%
14 Romania 4.250
39%
8 Uzbekistan 15.100
11%
No matching quizzes found
Score Distribution
Percent of People with Each Score
Percentile by Number Answered
Your Score History
You have not taken this quiz